000 00275nam a22001217a 4500
008 180111b xxu||||| |||| 00| 0 eng d
041 _aeng
080 _a82
100 _a21
101 _aGJL
245 _aEccius dedolatus a reformation satire
_cBest,TH,W
942 _2udc
_cBK
999 _c40082
_d40082